Datum a čas kvízu
43
Celkem bodů
Celkový počet nahraných bodů na tomto kvízu bez doplňovacích otázek.
2.
Pořadí na kvízu
Konečné umístění týmu na tomto kvízu.
Zaznamenané odpovědi
| # | Otázka | Odpověď | Body | Výsledky |
|---|---|---|---|---|
| 1. | Jedna kavárna na Šumavě zařadi... | o smažený sýr | 1 | |
| 2. | Která první dáma se minulý týd... | Brigitte Macron | 1 | |
| 3. | Fotografií roku 2025 se v sout... | A) konec hlubinné těžby uhlí na Ostravsku | 1 | |
| 4. | Společnost Ryanair se dostala... | o Elona Muska | 1 | |
| 5. | Která tenistka zaujala při vst... | Naomi Ósaka | 0 | |
| 6. | Jak se jmenuje italský horolez... | Reinhold Messner | 1 | |
| 7. | Jak se trojslovně jmenuje tato... | lezení na rychlost | 0 | |
| 8. | Jak se jedním slovem nazývá ho... | mačky | 1 | |
| 9. | Po půl bodu můžete získat, kdy... | El Capitan, Yosemite | 1 | |
| 10. | Jak se jmenuje fenomenální slo... | B) Janja Garnbret | 0 |